Memoria Seminario Internacional de Trabajo no remunerado y Protección Social de las Mujeres /
Kaydedildi:
| Müşterek Yazar: | |
|---|---|
| Materyal Türü: | Kitap |
| Dil: | Spanish |
| Baskı/Yayın Bilgisi: |
San José, Costa Rica:
Instituto Nacional de las Mujeres,
2012.
|
| Seri Bilgileri: | Colección producción de conocimiento
número 15 |
| Konular: | |
| Etiketler: |
Etiketle
Etiket eklenmemiş, İlk siz ekleyin!
|
MARC
| LEADER | 00000nam a22000007a 4500 | ||
|---|---|---|---|
| 008 | 150602s2012 cr aacp| |||| 100 0 spa d | ||
| 020 | |a 9789968252768 | ||
| 040 | |a CRU CIICLA | ||
| 041 | |a spa | ||
| 082 | |a 331.54 |b I-59m | ||
| 110 | 1 | |a Instituto Nacional de las Mujeres | |
| 245 | 1 | 0 | |a Memoria Seminario Internacional de Trabajo no remunerado y Protección Social de las Mujeres / |c Instituto Nacional de las Mujeres |
| 260 | |a San José, Costa Rica: |b Instituto Nacional de las Mujeres, |c 2012. | ||
| 300 | |a 56 páginas: |b ilustraciones, retratos a color | ||
| 490 | 1 | |a Colección producción de conocimiento |v número 15 | |
| 650 | 1 | 4 | |a TRABAJO DOMESTICO NO REMUNERADO |
| 650 | 1 | 4 | |a DERECHO AL TRABAJO |
| 650 | 1 | 4 | |a DERECHOS DE LA MUJER |
| 650 | 1 | 4 | |a POLITICAS PUBLICAS |
| 942 | |2 ddc |c BK | ||
| 999 | |c 4255 |d 4255 | ||



